Gaming Quiz

Random Gaming or Video Games Quiz

Game System by Controller Quiz Stats

Quiz Updated Feb 11, 2015

Also try: Video Game Systems
Challenge
Share
Tweet
Score 0/16 Timer 04:00
13 Plays Today
Game System % Correct
PlayStation 2
95%
Nintendo Wii
91.9%
Xbox 360
90.1%
Nintendo 64
88.7%
Playstation
88%
Xbox
80.2%
Nintendo Entertainment System
78.1%
Nintendo Gamecube
77.9%
Game System % Correct
Atari 2600
73.6%
Super Nintendo Entertainment System
70.2%
Dreamcast
58.4%
Sega Saturn
35.2%
ColecoVision
11.4%
Mattel Intellivision
9.8%
Neo Geo
7.7%
3DO Interactive Multiplayer
6.3%

You're not logged in!

Compare scores with friends on all Sporcle quizzes.
Join for Free
OR
Log In

You Might Also Like...

Show Comments

Extras

Top Quizzes Today


Score Distribution

Your Account Isn't Verified!

In order to create a playlist on Sporcle, you need to verify the email address you used during registration. Go to your Sporcle Settings to finish the process.

Report this User

Report this user for behavior that violates our Community Guidelines.

Details: